| 000 | 00809nam a2200265Ia 4500 | ||
|---|---|---|---|
| 003 | OSt | ||
| 005 | 20221006153019.0 | ||
| 006 | a|||||r|||| 00| 0 | ||
| 007 | ta | ||
| 008 | 221006b |||||||| |||| 00| 0 eng d | ||
| 020 |
_c _15.85 |
||
| 024 | _a30,951 | ||
| 037 | _cTextual | ||
| 040 |
_aEASL _cEASL _beng |
||
| 041 |
_2eng _aeng |
||
| 082 | _aMZA41a43-46.N72, L5 | ||
| 100 |
_aLING Scott K _9662205 |
||
| 245 | 0 | _aBibliography of Chinese humanities 1941-1972; Studies on Chinese philosophy, religion, history, geography, biography, art, and language and literature. | |
| 260 |
_aTaipei _bLiberal Arts Press China _c1975 |
||
| 300 |
_a645p. _ccm. |
||
| 490 | _v BB | ||
| 650 | _aCEL | ||
| 942 |
_hMZA41a43-46.N72, L5 _cTEXL _2CC |
||
| 999 |
_c1099037 _d1099037 |
||